000 00577nam a2200181 i 4500
001 23858
003 ES-MaACL
007 t|
008 021212s1985 sp ||||1| spa d
020 _a84-252-1233-2
245 0 0 _aTadao Ando
_b: edificios, proyectos, escritos /
_cKenneth Frampton, ed. ; versión castellana de Santiago Castán.
260 _aBarcelona :
_bGustavo Gili,
_c[1985]
300 _a144 p. :
_bil. ;
_c24 cm.
504 _aBibliografía.
700 1 _aFrampton, Kenneth.
_952126
700 1 _aCastán, Santiago.
_936387
852 _aES-MaACL
_jL-9810
_bR.112168
999 _c23858
_d23858